Titan - Scattergories Round - Statistics

General Stats
  • This quiz has been taken 29 times
  • The average score is 2 of 15
Answer Stats
Hint Answer % Correct
Fruit Apple
78%
Country Albania
63%
Capital city Anchorage
4%
Vegetable Artichoke
4%
Car brand Audi
4%
Plant/Flower Acorn tree
0%
Band Adam And the Ants
0%
Artist (musical) Adam Ant
0%
Song All my Life
0%
TV show Allo Allo
0%
Celebrity (Alive) Ana de Armas
0%
Movie Anchorman
0%
Celebrity (Deceased) Anthony Perkins
0%
Fictitional character Arthur Weasley
0%
Musical (theatre) The American Astronaut
0%
No matching quizzes found
Score Distribution
Percent of People with Each Score
Percentile by Number Answered
Your Score History
You have not taken this quiz